000 00864nmm a2200277 a 4500
001 ocm000584282
003 TR-IsHL
005 20201028121530.0
008 130705s2008 tu tur
007 cr cn
020 _a9789757594710
035 _a584282
_b(N$T)
050 0 4 _aPL235
_b.K33 2008
090 0 4 _aPL235
_b.K33 2008
100 1 _aKabaklı, Ahmet
245 1 0 _aÇağlara hükmedenler
_h[electronic resource] /
_cAhmet Kabaklı
250 _a5. bs.
260 _aİstanbul :
_bTürk Edebiyatı Vakfı Yayınları,
_c2008
300 _a224 p.
650 4 _aDil ve Edebiyat
650 4 _aLanguage and Literature
650 0 _aDivan edebiyatı
650 0 _aDivan literature
650 7 _aLITERARY CRITICISM / Middle Eastern
_2bisacsh
856 4 0 _uhttp://search.ebscohost.com/login.aspx?direct=true&scope=site&db=e011xww&AN=584282
999 _c1376
_d1376